| 000 | 00616nam a2200205Ia 4500 | ||
|---|---|---|---|
| 001 | 7361 | ||
| 003 | GE_BSU | ||
| 008 | 181216s||||||||xx |||||||||||||| ||und|| | ||
| 040 | _cGE_BSU | ||
| 080 | _a621.311(075.8) | ||
| 100 | _aГладилин,Л.В. | ||
| 245 | _aОсновы электроснабжения горных предприятий. | ||
| 245 | _bУчебн. | ||
| 260 | _aМ. | ||
| 260 | _bНедра. | ||
| 260 | _c1970. | ||
| 300 | _a256стр.22см.библиогр.:стр.251. | ||
| 653 | _aОсновы электроснабжения горных предприятий. | ||
| 942 | _cBK | ||
| 999 |
_c40724 _d40724 |
||